[Event "SRB Central-ch op-A 7th"]
[Site "Paracin"]
[Date "2014.07.09"]
[Round "7"]
[White "Mrsic, Robert"]
[Black "Rakic, Marija"]
[Result "0-1"]
[WhiteElo "2134"]
[BlackElo "2306"]
[PlyCount "63"]
[EventDate "2014.07.04"]
[EventType "swiss"]
[EventRounds "9"]
[EventCountry "SRB"]
[SourceTitle "CBM 161 Extra"]
[Source "ChessBase"]
[SourceDate "2014.08.29"]
[SourceVersion "1"]
[SourceVersionDate "2014.08.29"]
[SourceQuality "1"]

1. e4 c5 2. Nf3 e6 3. d4 cxd4 4. Nxd4 Nf6 5. Bd3 d6 6. 0-0 Be7 7. c4 0-0 8. Nc3 b6 9. Qf3 Bb7 10. Qh3 Nbd7 11. f3 d5 12. Nxe6 fxe6 13. Qxe6+ Kh8 14. exd5 Nc5 15. Qe2 Nxd3 16. Qxd3 Nd7 17. b3 Bd6 18. Nb5 Be5 19. Rb1 a6 20. Nd4 Nc5 21. Qd2 Qh4 22. f4 Qf6 23. Ne2 Qg6 24. Bb2 Bxb2 25. Rxb2 Rae8 26. b4 Ne4 27. Qc2 b5 28. Nd4 bxc4 29. f5 Qb6 30. Qxc4 Rd8 31. Kh1 Bxd5 32. Qe2 0-1

[Event "SRB Central-ch op-A 7th"]
[Site "Paracin"]
[Date "2014.07.05"]
[Round "3"]
[White "Mrsic, Robert"]
[Black "Dezelin, Milan"]
[Result "1/2-1/2"]
[WhiteElo "2134"]
[BlackElo "2298"]
[PlyCount "45"]
[EventDate "2014.07.04"]
[EventType "swiss"]
[EventRounds "9"]
[EventCountry "SRB"]
[SourceTitle "CBM 161 Extra"]
[Source "ChessBase"]
[SourceDate "2014.08.29"]
[SourceVersion "1"]
[SourceVersionDate "2014.08.29"]
[SourceQuality "1"]

1. e4 c5 2. Nf3 Nc6 3. Bb5 g6 4. 0-0 Bg7 5. Re1 Nf6 6. e5 Nd5 7. Nc3 Nc7 8. Bxc6 dxc6 9. Ne4 Ne6 10. d3 0-0 11. Be3 b6 12. Qd2 Re8 13. Bh6 Bh8 14. Neg5 f6 15. Nxe6 Bxe6 16. Re3 Qd5 17. Rae1 Rad8 18. b3 Bg4 19. exf6 Bxf6 20. Ne5 Bf5 21. Qe2 Rd6 22. Nc4 Rdd8 23. Ne5 1/2-1/2

[Event "Wattens op 15th"]
[Site "Wattens"]
[Date "2000.08.31"]
[Round "6"]
[White "Mrsic, Robert"]
[Black "Schneider, Heiko"]
[Result "0-1"]
[WhiteElo "2009"]
[BlackElo "2278"]
[PlyCount "60"]
[EventDate "2000.08.26"]
[EventType "swiss"]
[EventRounds "9"]
[EventCountry "AUT"]
[SourceTitle "EXT 2001"]
[Source "ChessBase"]
[SourceDate "2000.11.22"]
[SourceVersion "1"]
[SourceVersionDate "2000.11.22"]
[SourceQuality "1"]

1. e4 c5 2. Nc3 Nc6 3. g3 g6 4. Bg2 Bg7 5. d3 Rb8 6. Be3 d6 7. Qd2 b5 8. Nge2 b4 9. Nd1 e5 10. 0-0 Nd4 11. c3 Nxe2+ 12. Qxe2 bxc3 13. bxc3 Ne7 14. f4 exf4 15. Bxf4 Qc7 16. Rc1 0-0 17. Ne3 Ba6 18. Rfd1 Rb6 19. Nc4 Bxc4 20. dxc4 Be5 21. Rd3 Rfb8 22. Rcd1 Rb1 23. Qc2 R1b2 24. Qa4 Qc6 25. Qxa7 Bxf4 26. gxf4 Rxg2+ 27. Kxg2 Qxe4+ 28. Kg1 Rb2 29. R3d2 Rxd2 30. Rxd2 Qe1+ 0-1

[Event "AUT-chT2W 9900"]
[Site "Austria"]
[Date "1999.11.19"]
[Round "4"]
[White "Mrsic, Robert"]
[Black "Neuschmied, Siegfried"]
[Result "0-1"]
[WhiteElo "1931"]
[BlackElo "2155"]
[PlyCount "62"]
[EventDate "1999.10.15"]
[EventType "team"]
[EventRounds "11"]
[EventCountry "AUT"]
[SourceTitle "EXT 2000"]
[Source "ChessBase"]
[SourceDate "1999.11.16"]
[SourceVersion "1"]
[SourceVersionDate "1999.11.16"]
[SourceQuality "1"]

1. e4 d6 2. d4 Nf6 3. Nc3 g6 4. f4 Bg7 5. Nf3 0-0 6. Bd3 Nc6 7. 0-0 e5 8. d5 Nd4 9. Nxd4 exd4 10. Ne2 Re8 11. Ng3 h5 12. f5 h4 13. fxg6 fxg6 14. Ne2 Nxe4 15. Nf4 Bf5 16. Ne6 Rxe6 17. dxe6 d5 18. Rxf5 gxf5 19. Qh5 Qf6 20. e7 Qxe7 21. Qxf5 Qe5 22. Qg6 Rf8 23. Bh6 Qf6 24. Qxg7+ Qxg7 25. Bxg7 Kxg7 26. b4 Rf5 27. Rf1 Rxf1+ 28. Kxf1 Kf6 29. Ke2 Nc3+ 30. Kf3 Nxa2 31. b5 Kg5 0-1

[Event "AUT-chT3 9798"]
[Site "Vorarlberg "]
[Date "1997.10.31"]
[Round "3"]
[White "Scheffknecht, Philipp"]
[Black "Mrsic, Robert"]
[Result "0-1"]
[WhiteElo "1770"]
[BlackElo "1960"]
[PlyCount "48"]
[EventDate "1997.??.??"]
[EventType "team-tourn"]
[EventRounds "9"]
[EventCountry "AUT"]
[SourceTitle "EXT 1999"]
[Source "ChessBase"]
[SourceDate "1998.11.16"]
[SourceVersion "1"]
[SourceVersionDate "1998.11.16"]
[SourceQuality "1"]

1. e4 d6 2. d4 Nf6 3. Nc3 c6 4. a4 Qa5 5. Bd2 Qc7 6. Bd3 e5 7. Nge2 Be7 8. 0-0 0-0 9. Kh1 Na6 10. f3 Nb4 11. Nb5 cxb5 12. Bxb4 a5 13. Bd2 bxa4 14. Rxa4 Bd7 15. Ra2 b5 16. Qa1 a4 17. d5 Qc5 18. b3 Nh5 19. bxa4 bxa4 20. Rb1 f5 21. Bb4 Qe3 22. Nc3 Ng3+ 23. hxg3 Rf6 24. Re1 Rh6# 0-1

[Event "AUT-chT3 9798"]
[Site "Vorarlberg "]
[Date "1997.10.17"]
[Round "2"]
[White "Mrsic, Robert"]
[Black "Christen, Markus"]
[Result "1-0"]
[WhiteElo "1964"]
[BlackElo "1996"]
[PlyCount "41"]
[EventDate "1997.??.??"]
[EventType "team-tourn"]
[EventRounds "9"]
[EventCountry "AUT"]
[SourceTitle "EXT 1999"]
[Source "ChessBase"]
[SourceDate "1998.11.16"]
[SourceVersion "1"]
[SourceVersionDate "1998.11.16"]
[SourceQuality "1"]

1. e4 c5 2. Nc3 d6 3. f4 Nc6 4. Bb5 Bd7 5. Nf3 g6 6. 0-0 Bg7 7. Kh1 a6 8. Bxc6 Bxc6 9. d3 Nf6 10. e5 Nd5 11. Ne4 0-0 12. Qe2 h6 13. Bd2 Qd7 14. Nh4 Kh7 15. f5 Bxe5 16. Qg4 g5 17. Bxg5 Rg8 18. Qh5 Bg7 19. f6 Qe6 20. fxg7 Rxg7 21. c4 1-0

[Event "AUT-chT3 9798"]
[Site "Vorarlberg "]
[Date "1997.09.26"]
[Round "1"]
[White "Obermair, Walter"]
[Black "Mrsic, Robert"]
[Result "0-1"]
[WhiteElo "1829"]
[BlackElo "1964"]
[PlyCount "73"]
[EventDate "1997.??.??"]
[EventType "team-tourn"]
[EventRounds "9"]
[EventCountry "AUT"]
[SourceTitle "EXT 1999"]
[Source "ChessBase"]
[SourceDate "1998.11.16"]
[SourceVersion "1"]
[SourceVersionDate "1998.11.16"]
[SourceQuality "1"]

1. d4 d5 2. c4 e6 3. Nc3 Nf6 4. Nf3 Be7 5. Bg5 0-0 6. e3 h6 7. Bh4 Ne4 8. Bxe7 Qxe7 9. Rc1 c6 10. Bd3 Nxc3 11. Rxc3 Nd7 12. 0-0 e5 13. dxe5 dxc4 14. Bxc4 Nxe5 15. Nxe5 Qxe5 16. Qb3 Rb8 17. Rd1 b5 18. Bxf7+ Kh8 19. Rd2 Qf5 20. Bc4 bxc4 21. Qxc4 Be6 22. Qe2 Rbd8 23. f3 c5 24. a3 c4 25. Rc1 Qa5 26. Rcd1 Rc8 27. e4 c3 28. bxc3 Rxc3 29. Rd6 Bc4 30. Qb2 Bb3 31. Ra1 Rfc8 32. Rd2 Qc5+ 33. Rf2 Rc2 34. Qxc2 Bxc2 35. g3 Qc3 36. Raf1 Bd3 37. Kg2 0-1